Normal view MARC view

Entry Nombre personal

Number of records used in: 4

001 - NÚMERO DE CONTROL

  • campo de control: 1016

003 - IDENTIFICADOR DE NÚMERO DE CONTROL

  • campo de control: DLC

005 - FECHA Y HORA DE LA ÚLTIMA TRANSACCIÓN

  • campo de control: 20260406092545.0

008 - ELEMENTOS DE DATO DE LONGITUD-FIJA

  • campo de control de longitud fija: 060324n| azannaabn |a aaa

010 ## - NÚMERO DE CONTROL DE LA BIBLIOTECA DEL CONGRESO

  • Número de control de LC: n 2006022454

040 ## - FUENTE DE CATALOGACIÓN

  • Centro catalogador/agencia de origen: DLC
  • Lengua de catalogación: eng
  • Normas de descripción: rda
  • Centro/agencia transcriptor: DLC
  • Centro/agencia modificador: DLC

100 1# - ENCABEZAMIENTO-NOMBRE DE PERSONA

  • Nombre de persona: Alonso, Martín

372 ## - CAMPO DE ACTIVIDAD

  • Campo de actividad: Political science
  • Fuente del término: lcsh

378 ## - FORMA COMPLETA/DESARROLLADA DEL NOMBRE

  • Forma completa/desarrollada del nombre: Alonso Zarza

400 1# - TRAZADO DE VÉASE--NOMBRE DE PERSONA

  • Nombre de persona: Alonso Zarza, Martín

400 1# - TRAZADO DE VÉASE--NOMBRE DE PERSONA

  • Nombre de persona: Zarza, Martín Alonso

670 ## - FUENTE DE DATOS ENCONTRADOS

  • Cita de la fuente: Alonso, Martín. Universales del odio, c2004:
  • Información encontrada: t.p. (Martín Alonso)

670 ## - FUENTE DE DATOS ENCONTRADOS

  • Cita de la fuente: El catalanismo, del éxito al éxtasis, 2014-:
  • Información encontrada: t.p. (Martín Alonso) front flap (Martin Alonso Zarza; political science doctorate, degrees in sociology, philosophy, and psychology)